000
00262nam a2200097Ia 4500
001
1300830
005
20260420095911.0
008
260420s9999 xx 000 0 und d
245
0
_a
BUZDOLABINDAKİ KÖPEK
_c
BEHİÇ AK
260
_b
GÜNIŞIĞI KİTAPLIĞI YAYINLARI
999
_c
1300830
_d
1300830